El Cantar de los Cantares

Guardat en:
Dades bibliogràfiques
Autor principal: León, Fray Luis de (Autor)
Format: Llibre
Idioma:espanyol
Publicat: Santiago Ercilla 1936
Edició:1a. ed
Matèries:
Etiquetes: Afegir etiqueta
Sense etiquetes, Sigues el primer a etiquetar aquest registre!

MARC

LEADER 00000cam a2200000 a 4500
001 UCD3146
003 CL-VaPUC
008 160526e19360000cl |||||||||||||||||spa|d
082 0 4 |a 223.9  |b LEO  |2 21 
100 0 |a León, Fray Luis de  |e author  |9 255943 
245 1 3 |a El Cantar de los Cantares 
250 |a 1a. ed 
300 |a 201 p 
942 |c BK 
945 |d 20160526 21:26:00  |a dcastane 
260 |a Santiago  |b Ercilla  |c 1936 
650 0 |a Salmos   |9 319607 
650 7 |a CANTAR DE LOS CANTARES  |2 CL-VaPUC  |9 444279 
583 |a last modification  |c 20160526 21:26:00  |k Rodrigo Vera 
999 |c 364203  |d 364201 
952 |0 0  |1 0  |3 erd  |4 0  |6 223_900000000000000_LEO_1936  |7 0  |8 X  |9 477152  |a BIBTEO  |b BIBTEO  |c TEO_FFR  |i 523204K  |o 223.9 LEO 1936  |p 523204K  |r 2024-01-18  |w 2019-11-24  |y BK_X  |z Catalogado en:20160526  |k OFM